000 00209 a2200097 4500
001 58357
100 _a
245 _aZooq dasht nawrdhi
260 _aLahore
_bSang-e-Meel Publication
_c
090 _c35846
_d35846
942 _aNUST-CAE
_c
_c28720
999 _c293430
_d293430